The Private Rented Sector (Record no. 115031)
[ view plain ]
| 000 -LEADER | |
|---|---|
| fixed length control field | 00845cad a22001935a 4500 |
| 001 - CONTROL NUMBER | |
| control field | L157920 |
| 008 - FIXED-LENGTH DATA ELEMENTS--GENERAL INFORMATION | |
| fixed length control field | 130719s2012 xxk f 000 0 eng d |
| 035 ## - SYSTEM CONTROL NUMBER | |
| System control number | (Sirsi) u157920 |
| 041 0# - LANGUAGE CODE | |
| Language code of text/sound track or separate title | eng |
| 110 2# - MAIN ENTRY--CORPORATE NAME | |
| Corporate name or jurisdiction name as entry element | House of Commons Select Committee on Communities and Local Government |
| 9 (RLIN) | 6090 |
| 245 04 - TITLE STATEMENT | |
| Title | The Private Rented Sector |
| Remainder of title | First report of Session 2013-14 of the Communities and Local Government Committee |
| -- | Part III |
| Medium | [electronic resource] |
| 260 ## - PUBLICATION, DISTRIBUTION, ETC. | |
| Place of publication, distribution, etc. | London |
| Name of publisher, distributor, etc. | House of Commons |
| Date of publication, distribution, etc. | 2013 |
| 520 ## - SUMMARY, ETC. | |
| Summary, etc. | Part III Written Evidence Oral and Written Evidence. Main report L157921. |
| 590 ## - LOCAL NOTE (RLIN) | |
| Local note | KA |
| 651 #4 - SUBJECT ADDED ENTRY--GEOGRAPHIC NAME | |
| Geographic name | United Kingdom |
| Chronological subdivision | |
| 690 ## - LOCAL SUBJECT ADDED ENTRY--TOPICAL TERM (OCLC, RLIN) | |
| Topical term or geographic name as entry element | Residential property |
| 9 (RLIN) | 6266 |
| 856 40 - ELECTRONIC LOCATION AND ACCESS | |
| Uniform Resource Identifier | <a href="https://www.publications.parliament.uk/pa/cm201314/cmselect/cmcomloc/50/50iii01.htm">https://www.publications.parliament.uk/pa/cm201314/cmselect/cmcomloc/50/50iii01.htm</a> |
| Public note | View report free of charge at www.publications.parliament.uk |
| 942 ## - ADDED ENTRY ELEMENTS (KOHA) | |
| Suppress in OPAC | 0 |
| Withdrawn status | Lost status | Source of classification or shelving scheme | Damaged status | Not for loan | Home library | Current library | Shelving location | Date acquired | Total Checkouts | Full call number | Barcode | Date last seen | Copy number | Price effective from | Koha item type |
|---|---|---|---|---|---|---|---|---|---|---|---|---|---|---|---|
| Dewey Decimal Classification | Virtual | Virtual | Online | 19/07/2013 | ONLINE PUBLICATION | 157920-2001 | 06/08/2019 | 1 | 06/08/2019 | Book |